Our family tree : an evolution story / Lisa ... Read More
Available copies
- 1 of 1 copy available at LARL/NWRL Consortium. (Show)
- 1 of 1 copy available at Northwest Regional Library.
Current holds
0 current holds with 1 total copy.
Show Only Available Copies
| Location | Call Number / Copy Notes | Barcode | Shelving Location | Status | Due Date |
|---|---|---|---|---|---|
| Red Lake Falls Public Library | e 576.8 PET (Text) | 35500003405956 | Main | Available | - |
Record details
- ISBN: 0152017720
- Physical Description: 1 v. (unpaged) : col. ill. ; 29 cm.
- Edition: 1st ed.
- Publisher: San Diego : Harcourt, c2003.
Content descriptions
| Summary, etc.: | Relates the evolution of the family of mankind, ... Read More |
Search for related items by subject
| Subject: | Evolution (Biology) > Juvenile literature. |
| LDR | 01000cam a22002534a 4500 | ||
|---|---|---|---|
| 001 | 64943 | ||
| 003 | LARL_NWRL_CONSORTIUM | ||
| 005 | 20040817161001.0 | ||
| 008 | 020530s2003 caua j 000 0 eng | ||
| 010 | . | ‡a2002007806 | |
| 020 | . | ‡a0152017720 | |
| 040 | . | ‡aDLC ‡cDLC ‡dOSU | |
| 042 | . | ‡apcc ‡alcac | |
| 082 | 0 | 0. | ‡a576.8 ‡221 |
| 100 | 1 | . | ‡aPeters, Lisa Westberg. ‡0(LARL_NWRL_CONSORTIUM)88211 |
| 245 | 1 | 0. | ‡aOur family tree : ‡ban evolution story / ‡cLisa Westberg Peters ; illustrated by Lauren Stringer. |
| 250 | . | ‡a1st ed. | |
| 260 | . | ‡aSan Diego : ‡bHarcourt, ‡cc2003. | |
| 300 | . | ‡a1 v. (unpaged) : ‡bcol. ill. ; ‡c29 cm. | |
| 520 | . | ‡aRelates the evolution of the family of mankind, from single cells in the sea to human beings with "big brains that wonder who we are." | |
| 650 | 0. | ‡aEvolution (Biology) ‡vJuvenile literature. ‡0(LARL_NWRL_CONSORTIUM)164872 | |
| 700 | 1 | . | ‡aStringer, Lauren. ‡0(LARL_NWRL_CONSORTIUM)115064 |
| 901 | . | ‡a64943 ‡bISxN ‡c64943 ‡tbiblio | |

Add to basket
Permalink
Disable Highlighting